Statistics for Оскаровци на сликама

Click here to take the quiz!

General Stats

  • This quiz has been taken 212 times
  • The average score is 8 of 20

Answer Stats

Answer% Correct
Леонардо Дикаприо
96%
Морган Фримен
78%
Ентони Хопкинс
66%
Роберт Дауни Џуниор
58%
Рајан Гослинг
57%
Шон Пен
56%
Џуд Ло
53%
Едвард Нортон
42%
Гери Олдман
31%
Ејдријен Броди
31%
Виго Мортенсен
28%
Томи Ли Џоунс
27%
Џеф Бриџиз
27%
Форест Витакер
21%
Лоренс Фишберн
21%
Џефри Раш
20%
Ијан Макелен
20%
Бен Кингсли
20%
Ед Харис
19%
Роберт Дувал
16%

Score Distribution

Percentile by Number Answered

Percent of People with Each Score

Your Score History

You have not taken this quiz